000 00983cab a2200313 4500
001 ABS57254
008 090401t1997 xxu||||| |||| 00| 0 eng d
035 _a(Sirsi) u79963
041 _aeng
100 _aLowe, K.
245 _aNew instruction
260 _c1997
350 _a0
490 _aProperty Week
_v60(4) 25 July 1997, 30-31(2)
520 _aExamines the growing interest amongst surveying firms to adopt the role of property resource managers, and the competition posed from similar activities by some of the large accountancy firms.
650 _aACCOUNTANCY FIRMS
650 _aACCOUNTANTS
650 _aCOMPETITION
650 _aCORPORATE PROPERTY
650 _aManagement consultancy
_96255
650 _aMARKET SIZE
650 _aPROPERTY ADVISERS
650 _aPROPERTY CONSULTANCY
650 _aPROPERTY RESOURCE MANAGEMENT
650 _aSURVEYING FIRMS
690 _aCOMMERCIAL PROPERTY-MANAGEMENT
942 _n0
948 _c29/07/1997
999 _c50319
_d50319